000
00265nam a2200121Ia 4500
008
190216s9999||||xx |||||||||||||| ||und||
100
_a
Dorothy King
245
0
_a
Inspired Lives
260
_b
Blacke & Son
_c
1951
300
_a
147p
650
_a
Novel
942
_c
BK
999
_c
11909
_d
11909